The Zondervan pictorial bible dictionary / (Record no. 9851)
[ view plain ]
| 000 -LEADER | |
|---|---|
| fixed length control field | 01388cam a2200337Ma 4500 |
| 001 - CONTROL NUMBER | |
| control field | 642885283 |
| 003 - CONTROL NUMBER IDENTIFIER | |
| control field | OCoLC |
| 005 - DATE AND TIME OF LATEST TRANSACTION | |
| control field | 20210204163808.0 |
| 008 - FIXED-LENGTH DATA ELEMENTS--GENERAL INFORMATION | |
| fixed length control field | 061109r19671963miuabf d 001 0deng d |
| 010 ## - LIBRARY OF CONGRESS CONTROL NUMBER | |
| LC control number | 62016808 |
| 035 ## - SYSTEM CONTROL NUMBER | |
| System control number | (OCoLC)642885283 |
| 040 ## - CATALOGING SOURCE | |
| Original cataloging agency | I6M |
| Language of cataloging | eng |
| Transcribing agency | I6M |
| Modifying agency | HNW |
| -- | OCLCQ |
| -- | OCLCF |
| -- | OCLCO |
| -- | TXKIL |
| -- | CIRBC |
| 050 14 - LIBRARY OF CONGRESS CALL NUMBER | |
| Classification number | BS440.Z6 1967 |
| Item number | T298Z |
| 082 04 - DEWEY DECIMAL CLASSIFICATION NUMBER | |
| Classification number | 220.3 |
| Edition number | 19 |
| Item number | T298Z |
| 092 0# - LOCALLY ASSIGNED DEWEY CALL NUMBER (OCLC) | |
| Classification number | 220.3 |
| Item number | Z872t |
| 245 04 - TITLE STATEMENT | |
| Title | The Zondervan pictorial bible dictionary / |
| Statement of responsibility, etc. | general editor Merrill C. Tenney ; J.P. Williston ; Steven Barabas ; Peter DeVisser with the assistance of sixty-five contributors, scholars and experts in various fields. |
| 260 ## - PUBLICATION, DISTRIBUTION, ETC. | |
| Place of publication, distribution, etc. | Grand Rapids, MI : |
| Name of publisher, distributor, etc. | Zondervan Pub. House, |
| Date of publication, distribution, etc. | ©1967, |
| -- | ©1964 |
| -- | ©1963. |
| 300 ## - PHYSICAL DESCRIPTION | |
| Extent | xiv, 940, 30 pages : |
| Other physical details | illustrations (B & W), 17 color maps ; |
| Dimensions | 25 cm |
| 336 ## - CONTENT TYPE | |
| Content type term | text |
| Content type code | txt |
| Source | rdacontent |
| 337 ## - MEDIA TYPE | |
| Media type term | unmediated |
| Media type code | n |
| Source | rdamedia |
| 338 ## - CARRIER TYPE | |
| Carrier type term | volume |
| Carrier type code | nc |
| Source | rdacarrier |
| 500 ## - GENERAL NOTE | |
| General note | Includes index to maps. |
| 504 ## - BIBLIOGRAPHY, ETC. NOTE | |
| Bibliography, etc. note | Includes bibliographical references. |
| 534 ## - ORIGINAL VERSION NOTE | |
| Introductory phrase | Originally published as: |
| Title statement of original | The Zondervan pictorial Bible dictionary, 1963. |
| 630 00 - SUBJECT ADDED ENTRY--UNIFORM TITLE | |
| Uniform title | Bible |
| Form subdivision | Dictionaries. |
| 655 #7 - INDEX TERM--GENRE/FORM | |
| Genre/form data or focus term | Dictionaries. |
| Source of term | fast |
| Authority record control number or standard number | (OCoLC)fst01423826 |
| 700 1# - ADDED ENTRY--PERSONAL NAME | |
| Personal name | Tenney, Merrill C. |
| Fuller form of name | (Merrill Chapin), |
| Dates associated with a name | 1904-1985. |
| 700 1# - ADDED ENTRY--PERSONAL NAME | |
| Personal name | Douglas, J. D. |
| Fuller form of name | (James Dixon) |
| 730 0# - ADDED ENTRY--UNIFORM TITLE | |
| Uniform title | Zondervan pictorial Bible dictionary. |
| 942 ## - ADDED ENTRY ELEMENTS (KOHA) | |
| Source of classification or shelving scheme | Dewey Decimal Classification |
| Koha item type | Books |
No items available.
